000 00637 a2200193 4500
020 _a0072499575
020 _a9780072499575
082 0 4 _a658.049
090 _c3145
_d3145
100 1 _aHill, Charles W. L.
245 1 0 _aGlobal business today, postscript 2002 /
_cCharles W. L. Hill.
250 _a2nd ed.
260 _a[S.l.] :
_bMcgraw-Hill College,
_c2001.
300 _a530 p.
500 _aPaperback.
856 4 0 _3Amazon.com
_uhttp://www.amazon.com/exec/obidos/ASIN/0072499575/chopaconline-20
856 4 0 _3Amazon customer reviews
_uhttp://www.chopac.org/cgi-bin/tools/azrev.pl?q=0072499575
942 _aNBS
_cBK
_k658.049 HIL
999 _c345634
_d345634